| 000 | 00867cam a2200265 i 4500 | ||
|---|---|---|---|
| 999 |
_c124634 _d124634 |
||
| 001 | 19771974 | ||
| 005 | 20211110114928.0 | ||
| 008 | 170630s2018 nyua b 001 0 eng | ||
| 020 | _a9781259584732 (hardcover) | ||
| 020 | _a1259584739 (hardcover) | ||
| 040 | _cPK-LaUMT | ||
| 082 | 0 | 0 |
_a615.7 _223 _bGOO- |
| 245 | 0 | 0 |
_aGoodman & Gilman's the pharmacological basis of therapeutics / _cedited by Laurence L. Brunton, Randa Hilal-Dandan and Björn C. Knollmann |
| 250 | _a13th ed. | ||
| 260 |
_aNew York : _bMcGraw-Hill, _c2018 |
||
| 300 |
_axiii, 1419 p. : _bcolor illustrations ; _c29 cm |
||
| 650 | 1 | 2 | _aPharmacological Phenomena |
| 650 | 2 | 2 | _aPharmaceutical Preparations |
| 650 | 2 | 2 | _aPharmacokinetics |
| 650 | 2 | 2 | _aDrug Therapy |
| 700 | 1 | _aBrunton, Laurence L., | |
| 700 | 1 | _aKnollmann, Björn C., | |
| 700 | 1 | _aHilal-Dandan, Randa., | |
| 942 | _cBK | ||